[Event "OP-2020-0-05037"]
[Site "LSS email"]
[Date "2020.10.18"]
[Round "?"]
[White "Molina, Vicente Andres"]
[Black "Staggat, Rolf"]
[Result "0-1"]
[WhiteElo "663"]
[BlackElo "1951"]
[PlyCount "58"]
[EventDate "2020.10.16"]
[EventType "tourn (corr)"]
[EventRounds "4"]
[EventCountry "GER"]
[SourceTitle "Corr 2024"]
[Source "ChessBase"]
[SourceDate "2023.10.19"]
[SourceVersion "1"]
[SourceVersionDate "2023.10.19"]
[SourceQuality "1"]

1. e4 e5 2. Nf3 Nc6 3. d4 exd4 4. Bb5 Bc5 5. c3 dxc3 6. Nxc3 Nge7 7. 0-0 d6 8. Bg5 f6 9. Bf4 a6 10. Bc4 Ng6 11. Qd5 Qe7 12. Be3 Bxe3 13. fxe3 Nce5 14. Nxe5 Nxe5 15. Bb3 c6 16. Qd1 Be6 17. Ne2 Bg4 18. Qd2 Bxe2 19. Qxe2 0-0-0 20. Rac1 Kb8 21. a4 Rhe8 22. Rfd1 Nd7 23. Rd4 Nc5 24. Rb4 a5 25. Rb6 Ka7 26. Rb5 cxb5 27. Qxb5 Nxb3 28. Qxb3 Qxe4 29. Rc7 Qxe3+ 0-1

[Event "Wiesbaden op 31st"]
[Site "Wiesbaden"]
[Date "2019.08.23"]
[Round "3"]
[White "Raima, Jan"]
[Black "Staggat, Rolf"]
[Result "0-1"]
[WhiteElo "1363"]
[BlackElo "1639"]
[PlyCount "86"]
[EventDate "2019.08.22"]
[EventType "swiss"]
[EventRounds "7"]
[EventCountry "GER"]
[SourceTitle "EXT 2020"]
[Source "ChessBase"]
[SourceDate "2019.10.17"]
[SourceVersion "1"]
[SourceVersionDate "2019.10.17"]
[SourceQuality "1"]

1. b4 a5 2. b5 c6 3. a4 cxb5 4. axb5 d5 5. e3 e6 6. Nf3 Nf6 7. Be2 Be7 8. 0-0 0-0 9. Ba3 Nbd7 10. d4 Nb6 11. Nbd2 Bd7 12. Nb3 Bxa3 13. Rxa3 Nc4 14. Bxc4 dxc4 15. Nc5 b6 16. Nxd7 Qxd7 17. Qb1 Nd5 18. h3 Qd6 19. Ra1 f6 20. Qb2 c3 21. Qa3 Qxa3 22. Rxa3 Rfc8 23. Rc1 Rc4 24. Kf1 Rac8 25. Rb1 Rb4 26. Rbb3 Rxb3 27. Rxb3 Rc4 28. e4 Nc7 29. e5 a4 30. Rb1 Nd5 31. g3 Rb4 32. Ra1 Nc7 33. exf6 gxf6 34. Ra3 Nxb5 35. Ra1 Nxd4 36. Nxd4 Rxd4 37. Ra3 b5 38. Rxc3 b4 39. Re3 Kf7 40. Re1 Rc4 41. Rb1 a3 42. Ke1 a2 43. Ra1 Rxc2 0-1

[Event "Frankfurt-chA"]
[Site "Frankfurt"]
[Date "2019.06.03"]
[Round "6"]
[White "Staggat, Rolf"]
[Black "Both, Guenter"]
[Result "1/2-1/2"]
[WhiteElo "1591"]
[BlackElo "1506"]
[PlyCount "25"]
[EventDate "2019.04.29"]
[EventType "swiss"]
[EventRounds "7"]
[EventCountry "GER"]
[SourceTitle "EXT 2020"]
[Source "ChessBase"]
[SourceDate "2019.10.17"]
[SourceVersion "1"]
[SourceVersionDate "2019.10.17"]
[SourceQuality "1"]

1. e4 c5 2. Nf3 d6 3. d4 cxd4 4. Nxd4 Nf6 5. Nc3 a6 6. Be3 e5 7. Nb3 Be6 8. Bd3 Nc6 9. f3 Be7 10. 0-0 0-0 11. Nd2 b5 12. a3 Qc7 13. Rc1 1/2-1/2

[Event "Frankfurt-chA"]
[Site "Frankfurt"]
[Date "2019.05.06"]
[Round "2"]
[White "Staggat, Rolf"]
[Black "Menning, Uwe"]
[Result "0-1"]
[WhiteElo "1591"]
[BlackElo "1779"]
[PlyCount "92"]
[EventDate "2019.04.29"]
[EventType "swiss"]
[EventRounds "7"]
[EventCountry "GER"]
[SourceTitle "EXT 2020"]
[Source "ChessBase"]
[SourceDate "2019.10.17"]
[SourceVersion "1"]
[SourceVersionDate "2019.10.17"]
[SourceQuality "1"]

1. e4 c6 2. d4 d5 3. Nc3 dxe4 4. Nxe4 Bf5 5. Ng3 Bg6 6. Nf3 Nd7 7. Bd3 e6 8. 0-0 Ngf6 9. c4 Be7 10. h3 Rc8 11. Be3 Bd6 12. Ne2 0-0 13. Bxg6 hxg6 14. Nc3 a6 15. a4 Bb4 16. Na2 Ba5 17. b4 Bc7 18. Nc3 Qe7 19. c5 Rfd8 20. Qc2 Nd5 21. Nxd5 cxd5 22. Rfe1 Nf6 23. Bg5 Qe8 24. Rab1 Rd7 25. Ne5 Bxe5 26. dxe5 Nh7 27. Bh4 Rdc7 28. Qe2 Qxa4 29. f4 a5 30. Bf2 axb4 31. Ra1 Qe8 32. Qb2 Nf8 33. Rec1 Qb5 34. Ra7 Nd7 35. Qa1 Nb8 36. Ra5 Qe8 37. Ra8 Nc6 38. Rxc8 Rxc8 39. Qa4 Ra8 40. Qb5 Qd7 41. Rb1 Qc7 42. Be1 Ra5 43. Qd3 Rxc5 44. Bxb4 Nxb4 45. Rxb4 Rc4 46. Qb3 Qc5+ 0-1

[Event "OP-2019-0-04741"]
[Site "LSS email"]
[Date "2019.03.03"]
[Round "?"]
[White "Staggat, Rolf"]
[Black "Kuttner, Jaromir"]
[Result "1-0"]
[WhiteElo "1871"]
[BlackElo "797"]
[PlyCount "23"]
[EventDate "2019.02.21"]
[EventType "tourn (corr)"]
[EventRounds "4"]
[EventCountry "GER"]
[SourceTitle "Corr 2022"]
[Source "ChessBase"]
[SourceDate "2021.10.24"]
[SourceVersion "1"]
[SourceVersionDate "2021.10.24"]
[SourceQuality "1"]

1. c4 e5 2. Nc3 c5 3. g3 Nf6 4. Bg2 Nc6 5. e3 d6 6. Nge2 Be7 7. d4 exd4 8. exd4 0-0 9. 0-0 Bf5 10. h3 Re8 11. g4 Nxg4 12. Ng3 1-0

[Event "OP-2019-0-04735"]
[Site "LSS email"]
[Date "2019.02.21"]
[Round "?"]
[White "Guimares Carvalho, Joao"]
[Black "Staggat, Rolf"]
[Result "0-1"]
[WhiteElo "1660"]
[BlackElo "1871"]
[PlyCount "38"]
[EventDate "2019.02.14"]
[EventType "tourn (corr)"]
[EventRounds "4"]
[EventCountry "GER"]
[SourceTitle "Corr 2022"]
[Source "ChessBase"]
[SourceDate "2021.10.24"]
[SourceVersion "1"]
[SourceVersionDate "2021.10.24"]
[SourceQuality "1"]

1. e4 d5 2. exd5 Qxd5 3. Nc3 Qd8 4. d4 Nf6 5. Nf3 g6 6. Bc4 Bg7 7. h3 0-0 8. 0-0 a6 9. a4 Nc6 10. Re1 b6 11. Bf4 Bb7 12. Qd2 e6 13. Rad1 Ne7 14. Ne5 Ned5 15. Nxd5 exd5 16. Ba2 a5 17. c3 Re8 18. Re2 Rc8 19. Rde1 c5 0-1

[Event "SB-2019-0-00564"]
[Site "LSS email"]
[Date "2019.01.31"]
[Round "?"]
[White "Kazimierski, Tomasz"]
[Black "Staggat, Rolf"]
[Result "1/2-1/2"]
[WhiteElo "1912"]
[BlackElo "1883"]
[PlyCount "41"]
[EventDate "2019.01.08"]
[EventType "tourn (corr)"]
[EventRounds "6"]
[EventCountry "GER"]
[SourceTitle "Corr 2022"]
[Source "ChessBase"]
[SourceDate "2021.10.24"]
[SourceVersion "1"]
[SourceVersionDate "2021.10.24"]
[SourceQuality "1"]

1. d4 Nf6 2. Nf3 d5 3. c4 e6 4. Nc3 c5 5. Bg5 cxd4 6. Nxd4 e5 7. Nf3 d4 8. Bxf6 gxf6 9. Nd5 Be6 10. e4 dxe3 11. fxe3 Nc6 12. Be2 Bc5 13. 0-0 Nb4 14. Qa4+ Bd7 15. Qa3 Rc8 16. Nxb4 a5 17. Qd3 axb4 18. Qe4 Bc6 19. Qf5 Bd7 20. Qe4 Bc6 21. Qf5 1/2-1/2

[Event "SB-2019-0-00563"]
[Site "LSS email"]
[Date "2019.01.31"]
[Round "?"]
[White "Staggat, Rolf"]
[Black "Sundqvist, Christer"]
[Result "1/2-1/2"]
[WhiteElo "1883"]
[BlackElo "1920"]
[PlyCount "54"]
[EventDate "2019.01.05"]
[EventType "tourn (corr)"]
[EventRounds "6"]
[EventCountry "GER"]
[SourceTitle "Corr 2022"]
[Source "ChessBase"]
[SourceDate "2021.10.24"]
[SourceVersion "1"]
[SourceVersionDate "2021.10.24"]
[SourceQuality "1"]

1. e4 c5 2. g3 g6 3. Bg2 Bg7 4. Ne2 Nc6 5. c3 e5 6. d3 Nge7 7. Be3 d6 8. 0-0 0-0 9. f4 Bg4 10. f5 gxf5 11. h3 f4 12. gxf4 exf4 13. Bxf4 Be6 14. Nd2 Ng6 15. Bg3 Qe7 16. Nf3 f5 17. exf5 Rxf5 18. Qd2 Raf8 19. Rae1 Qd7 20. h4 Nce5 21. Nxe5 Nxe5 22. Rxf5 Rxf5 23. Nf4 Bh6 24. Rf1 Ng6 25. Qe3 Re5 26. Qf2 Rf5 27. Qe3 Re5 1/2-1/2

[Event "FICGS rapid A 000230 email"]
[Site "FICGS email"]
[Date "2019.01.12"]
[Round "1"]
[White "Marciz, Alexander"]
[Black "Staggat, Rolf"]
[Result "1/2-1/2"]
[WhiteElo "2033"]
[BlackElo "1949"]
[PlyCount "78"]
[EventDate "2019.??.??"]
[EventType "tourn (rapid)"]
[EventRounds "6"]
[SourceTitle "Corr 2022"]
[Source "ChessBase"]
[SourceDate "2021.10.24"]
[SourceVersion "1"]
[SourceVersionDate "2021.10.24"]
[SourceQuality "1"]

1. e4 e5 2. f4 exf4 3. Nf3 d5 4. exd5 Nf6 5. c4 c6 6. d4 cxd5 7. Bxf4 Bb4+ 8. Nc3 0-0 9. Be2 dxc4 10. 0-0 Bxc3 11. bxc3 Be6 12. Rb1 Bd5 13. Ne5 Qc8 14. Bg3 Nbd7 15. a4 Be6 16. Nxd7 Qxd7 17. Rxf6 gxf6 18. Bf3 Bd5 19. Bh4 f5 20. Rb5 Bxf3 21. Qxf3 Qe6 22. Rxf5 f6 23. h3 Rae8 24. Kh1 Qd6 25. Qg4+ Kh8 26. d5 Rf7 27. Rf3 Rg7 28. Qxc4 Rg6 29. Qd3 b6 30. g4 Kg7 31. c4 Qe5 32. d6 Rh6 33. Bf2 Rd8 34. g5 Rg6 35. Bd4 Qxg5 36. Bxf6+ Rxf6 37. Rg3 Qxg3 38. Qxg3+ Kh8 39. Qe5 Rdxd6 1/2-1/2

[Event "FICGS rapid A 000230 email"]
[Site "FICGS email"]
[Date "2019.01.12"]
[Round "1"]
[White "Staggat, Rolf"]
[Black "Gossmann, Ewald J"]
[Result "1/2-1/2"]
[WhiteElo "1949"]
[BlackElo "2133"]
[PlyCount "92"]
[EventDate "2019.??.??"]
[EventType "tourn (rapid)"]
[EventRounds "6"]
[SourceTitle "Corr 2022"]
[Source "ChessBase"]
[SourceDate "2021.10.24"]
[SourceVersion "1"]
[SourceVersionDate "2021.10.24"]
[SourceQuality "1"]

1. e4 e6 2. Qe2 c5 3. Nf3 Nc6 4. g3 Be7 5. Bg2 d5 6. d3 Nf6 7. 0-0 0-0 8. e5 Nd7 9. c4 a6 10. Nc3 Nd4 11. Nxd4 cxd4 12. Nb1 Qc7 13. Re1 dxc4 14. dxc4 Rd8 15. b3 d3 16. Qe3 Bc5 17. Qf4 Rb8 18. Bb2 b5 19. cxb5 axb5 20. Nd2 Nf8 21. Ne4 d2 22. Red1 Ng6 23. Qg4 Bb7 24. Nxd2 Bxf2+ 25. Kxf2 Qc2 26. Bxb7 Qxb2 27. Qe2 Rxb7 28. Nf3 Qxe2+ 29. Kxe2 Ra8 30. a3 h6 31. Rdc1 Nf8 32. b4 Nd7 33. Rc3 Kh7 34. Rac1 Nb6 35. Rc7 Raa7 36. Rxb7 Rxb7 37. Nd4 Nd7 38. Rc3 g5 39. Re3 Kg6 40. g4 Rb8 41. h3 h5 42. Kf2 hxg4 43. hxg4 Nb6 44. Re4 Na4 45. Re1 Nb2 46. Re4 Nd1+ 1/2-1/2

[Event "FICGS rapid A 000230 email"]
[Site "FICGS email"]
[Date "2019.01.12"]
[Round "1"]
[White "Staggat, Rolf"]
[Black "Rossi, Marzio"]
[Result "1/2-1/2"]
[WhiteElo "1949"]
[BlackElo "1986"]
[PlyCount "118"]
[EventDate "2019.??.??"]
[EventType "tourn (rapid)"]
[EventRounds "6"]
[SourceTitle "Corr 2022"]
[Source "ChessBase"]
[SourceDate "2021.10.24"]
[SourceVersion "1"]
[SourceVersionDate "2021.10.24"]
[SourceQuality "1"]

1. e4 c5 2. Nc3 Nc6 3. g3 g6 4. Bg2 Bg7 5. d3 d6 6. Be3 e6 7. Qd2 Rb8 8. Nge2 Nd4 9. 0-0 Ne7 10. Nd1 0-0 11. c3 Nxe2+ 12. Qxe2 b6 13. f4 Ba6 14. Nf2 Qd7 15. Rad1 d5 16. c4 Nc6 17. e5 f5 18. b3 Rfc8 19. cxd5 exd5 20. Rfe1 d4 21. Bd2 Re8 22. g4 Re6 23. gxf5 gxf5 24. Nh3 h6 25. Kf2 Qd8 26. Rg1 Qh4+ 27. Kf1 Ne7 28. Be1 Qg4 29. Qf3 Qxf3+ 30. Bxf3 Bb7 31. Bh5 b5 32. Rc1 Rc8 33. Rg3 Ra6 34. Rc2 Kh7 35. Ng1 Nd5 36. Bd2 Bf8 37. Ne2 b4 38. Rg1 Be7 39. Kf2 Nc3 40. Bf7 Bh4+ 41. Kf1 Nxa2 42. Bc4 Nc3 43. Bxa6 Bxa6 44. Bxc3 dxc3 45. Ra2 Rc6 46. Nc1 Bb7 47. Rxa7 Rc7 48. Ra1 Bf3 49. h3 Rd7 50. Ra6 c4 51. Rgg6 cxd3 52. Rxh6+ Kg7 53. Rag6+ Kf8 54. Rh8+ Kf7 55. Rgh6 d2 56. e6+ Ke7 57. R8h7+ Kf8 58. Rh8+ Ke7 59. R8h7+ Kf8 1/2-1/2

[Event "OP-2019-0-04707"]
[Site "LSS email"]
[Date "2019.01.11"]
[Round "?"]
[White "Staggat, Rolf"]
[Black "Debonis, Patrick"]
[Result "1/2-1/2"]
[WhiteElo "1883"]
[BlackElo "1915"]
[PlyCount "106"]
[EventDate "2019.01.02"]
[EventType "tourn (corr)"]
[EventRounds "4"]
[EventCountry "GER"]
[SourceTitle "Corr 2022"]
[Source "ChessBase"]
[SourceDate "2021.10.24"]
[SourceVersion "1"]
[SourceVersionDate "2021.10.24"]
[SourceQuality "1"]

1. e4 c5 2. Nf3 d6 3. d4 cxd4 4. Nxd4 Nf6 5. Nc3 a6 6. Be3 e5 7. Nf3 Be7 8. Bc4 0-0 9. 0-0 Be6 10. Bxe6 fxe6 11. Ng5 Qd7 12. Qd3 h6 13. Nf3 b5 14. Ne2 Qc6 15. Ng3 Nbd7 16. h3 Nc5 17. Qc3 Rfc8 18. Bxc5 Qxc5 19. Qxc5 Rxc5 20. c3 a5 21. a3 Nd7 22. Rfd1 Rd8 23. Ne1 Nb6 24. Nd3 Rcc8 25. Re1 Bg5 26. Nf1 Nc4 27. Re2 a4 28. g3 h5 29. h4 Bh6 30. Kg2 Kf7 31. Ne1 Rg8 32. Nf3 Kf6 33. Rb1 g6 34. N1d2 Rb8 35. Nf1 Rb7 36. Rd1 Rf7 37. Ne3 Bxe3 38. fxe3 Rff8 39. Rb1 Ke7 40. Ng5 Na5 41. Rd1 Rh8 42. Red2 Nc4 43. Re2 Rb8 44. Rf1 Rhf8 45. Rd1 Rbc8 46. Kh3 d5 47. exd5 exd5 48. Rxd5 Rb8 49. g4 Rfd8 50. Rc5 Rd3 51. Rc7+ Rd7 52. Rc6 Rd6 53. Rc7+ Rd7 1/2-1/2

[Event "OP-2019-0-04707"]
[Site "LSS email"]
[Date "2019.01.10"]
[Round "?"]
[White "Vontina, Maria"]
[Black "Staggat, Rolf"]
[Result "0-1"]
[WhiteElo "826"]
[BlackElo "1883"]
[PlyCount "30"]
[EventDate "2019.01.02"]
[EventType "tourn (corr)"]
[EventRounds "4"]
[EventCountry "GER"]
[SourceTitle "Corr 2022"]
[Source "ChessBase"]
[SourceDate "2021.10.24"]
[SourceVersion "1"]
[SourceVersionDate "2021.10.24"]
[SourceQuality "1"]

1. e4 c5 2. Nf3 Nc6 3. d4 cxd4 4. Nxd4 g6 5. Nc3 Bg7 6. Be3 Nf6 7. f3 0-0 8. Qd2 d5 9. exd5 Nxd5 10. Nxd5 Qxd5 11. Nxc6 Qxc6 12. 0-0-0 Bf5 13. Kb1 Rad8 14. Qc1 Qxc2+ 15. Qxc2 Rxd1+ 0-1

[Event "FICGS rapid A 000229 email"]
[Site "FICGS email"]
[Date "2018.12.29"]
[Round "1"]
[White "Gossmann, Ewald J"]
[Black "Staggat, Rolf"]
[Result "1/2-1/2"]
[WhiteElo "2122"]
[BlackElo "1949"]
[PlyCount "64"]
[EventDate "2018.??.??"]
[EventType "tourn (rapid)"]
[EventRounds "6"]
[SourceTitle "Corr 2022"]
[Source "ChessBase"]
[SourceDate "2021.10.24"]
[SourceVersion "1"]
[SourceVersionDate "2021.10.24"]
[SourceQuality "1"]

1. Nf3 c5 2. c4 Nf6 3. Nc3 d5 4. cxd5 Nxd5 5. d4 Nxc3 6. bxc3 g6 7. e4 Bg7 8. Be3 Qa5 9. Qd2 Nc6 10. Rc1 cxd4 11. cxd4 Qxd2+ 12. Kxd2 0-0 13. Bb5 f5 14. Bc4+ Kh8 15. exf5 Bxf5 16. Rhd1 Rad8 17. Ke1 Nb4 18. Ke2 Nd5 19. Bxd5 Rxd5 20. Rc7 Rd7 21. Rdc1 Kg8 22. Ne5 Bxe5 23. dxe5 Kf7 24. Rxd7 Bxd7 25. Rc7 Bc6 26. Bxa7 Bxg2 27. Bc5 Re8 28. f3 b5 29. a3 Bh3 30. Ke3 Ke6 31. Kf4 Bg2 32. Bb4 Kf7 1/2-1/2

[Event "Oberursel Anderssen Memorial 1st"]
[Site "Oberursel"]
[Date "2018.09.04"]
[Round "4"]
[White "Luebbers, Doris"]
[Black "Staggat, Rolf"]
[Result "1/2-1/2"]
[WhiteElo "1515"]
[BlackElo "1573"]
[PlyCount "79"]
[EventDate "2018.09.01"]
[EventType "swiss"]
[EventRounds "7"]
[EventCountry "GER"]
[SourceTitle "CBM 186 Extra"]
[Source "ChessBase"]
[SourceDate "2018.08.24"]
[SourceVersion "1"]
[SourceVersionDate "2018.08.24"]
[SourceQuality "1"]

1. d4 Nf6 2. c4 c5 3. e3 g6 4. Nf3 d6 5. Be2 Bg7 6. 0-0 0-0 7. Nc3 Bf5 8. Bd3 Bxd3 9. Qxd3 Nbd7 10. d5 Ng4 11. b3 Nge5 12. Nxe5 Nxe5 13. Qc2 a6 14. Bb2 Rb8 15. Rad1 b5 16. cxb5 axb5 17. Rb1 Nd7 18. Ne2 Bxb2 19. Rxb2 Nf6 20. Rd1 Qa5 21. Nc3 Ra8 22. g3 Nd7 23. Kg2 Nb6 24. Rd2 b4 25. Ne2 Rfc8 26. Rd1 c4 27. Qe4 c3 28. Rc2 Rc7 29. Nc1 Qc5 30. Rd4 Ra5 31. Nd3 Qb5 32. Nxb4 Nc8 33. Rc4 Rxc4 34. Qxc4 Qxc4 35. bxc4 Ra3 36. Nc6 Kf8 37. Nd4 Nb6 38. Nb5 Ra4 39. Rxc3 Nxc4 40. Rc2 1/2-1/2

[Event "Oberursel Anderssen Memorial 1st"]
[Site "Oberursel"]
[Date "2018.09.01"]
[Round "1"]
[White "Staggat, Rolf"]
[Black "Lebermann, Hellmuth"]
[Result "0-1"]
[WhiteElo "1573"]
[BlackElo "1905"]
[PlyCount "100"]
[EventDate "2018.09.01"]
[EventType "swiss"]
[EventRounds "7"]
[EventCountry "GER"]
[SourceTitle "CBM 186 Extra"]
[Source "ChessBase"]
[SourceDate "2018.08.24"]
[SourceVersion "1"]
[SourceVersionDate "2018.08.24"]
[SourceQuality "1"]

1. e4 e5 2. Nf3 d5 3. exd5 Bd6 4. Be2 Nf6 5. d3 Nxd5 6. 0-0 0-0 7. Nc3 Nf4 8. Bxf4 exf4 9. Re1 Nc6 10. h3 Bf5 11. Bf1 h6 12. Ne2 Qf6 13. Qd2 g5 14. Qc3 Qg6 15. a3 Rfe8 16. Ned4 Ne5 17. Nxf5 Nxf3+ 18. gxf3 Qxf5 19. Rxe8+ Rxe8 20. Re1 Rxe1 21. Qxe1 Qe5 22. Qxe5 Bxe5 23. b3 Bb2 24. a4 Bc3 25. h4 Kf8 26. hxg5 hxg5 27. Bh3 Ke7 28. Kf1 Kd6 29. Ke2 Kc5 30. Bf5 c6 31. Be4 Kb4 32. Kd1 Bd4 33. Kc1 Bxf2 34. Bf5 b5 35. axb5 cxb5 36. Bd7 Be3+ 37. Kb2 Bd4+ 38. Kc1 Bc3 39. Be8 f6 40. Bd7 a5 41. Kb1 a4 42. bxa4 bxa4 43. Ka2 a3 44. Bf5 Be5 45. c4 Bd6 46. Be6 Kc3 47. Bf5 Kd4 48. Be4 Bc5 49. Kb3 Ke3 50. Kc3 f5 0-1

[Event "FICGS no engines 00 email"]
[Site "FICGS email"]
[Date "2014.01.12"]
[Round "1"]
[White "Staggat, Rolf"]
[Black "Payzansky, Aleksey"]
[Result "1-0"]
[WhiteElo "1949"]
[BlackElo "1669"]
[PlyCount "61"]
[EventDate "2014.??.??"]
[EventType "swiss (corr)"]
[EventRounds "1"]
[SourceTitle "Corr 2022"]
[Source "ChessBase"]
[SourceDate "2021.10.24"]
[SourceVersion "1"]
[SourceVersionDate "2021.10.24"]
[SourceQuality "1"]

1. e4 c5 2. Nf3 d6 3. Nc3 Nf6 4. Bb5+ Bd7 5. Bxd7+ Nbxd7 6. 0-0 g6 7. Re1 Bg7 8. d3 0-0 9. a4 b6 10. Bf4 Nh5 11. Bg5 h6 12. Be3 Ne5 13. Nxe5 Bxe5 14. Bxh6 Bg7 15. Qd2 Bxh6 16. Qxh6 e6 17. Qe3 Ng7 18. Ne2 e5 19. f4 exf4 20. Nxf4 Ne6 21. Nd5 Nc7 22. Nf4 Qf6 23. c3 Ne6 24. Nd5 Qd8 25. Rf1 Nc7 26. Nf6+ Kg7 27. Rf3 Qe7 28. Raf1 Rh8 29. Qf2 Raf8 30. b4 Qe6 31. Qb2 1-0

[Event "FICGS no engines 00 email"]
[Site "FICGS email"]
[Date "2013.07.21"]
[Round "1"]
[White "Staggat, Rolf"]
[Black "Kalapos, Karol"]
[Result "1-0"]
[WhiteElo "1949"]
[BlackElo "1722"]
[PlyCount "23"]
[EventDate "2013.??.??"]
[EventType "swiss (corr)"]
[EventRounds "1"]
[SourceTitle "Corr 2022"]
[Source "ChessBase"]
[SourceDate "2021.10.24"]
[SourceVersion "1"]
[SourceVersionDate "2021.10.24"]
[SourceQuality "1"]

1. e4 e5 2. Nf3 Nf6 3. Nxe5 d6 4. Nf3 Nxe4 5. Nc3 Nxc3 6. dxc3 Be7 7. Be3 0-0 8. Qd2 Re8 9. 0-0-0 Be6 10. Kb1 Nc6 11. Bd3 Bf6 12. Rhe1 1-0

[Event "FICGS no engines 00 email"]
[Site "FICGS email"]
[Date "2013.03.04"]
[Round "1"]
[White "Staggat, Rolf"]
[Black "Fraczek, Weronika"]
[Result "1-0"]
[WhiteElo "1949"]
[BlackElo "1435"]
[PlyCount "25"]
[EventDate "2013.??.??"]
[EventType "swiss (corr)"]
[EventRounds "1"]
[SourceTitle "Corr 2022"]
[Source "ChessBase"]
[SourceDate "2021.10.24"]
[SourceVersion "1"]
[SourceVersionDate "2021.10.24"]
[SourceQuality "1"]

1. e4 e6 2. d4 d5 3. c4 dxe4 4. f3 exf3 5. Nxf3 Nf6 6. c5 Nc6 7. Bb5 Bd7 8. 0-0 Be7 9. Nc3 0-0 10. Bg5 h6 11. Bh4 Nd5 12. Bxe7 Ncxe7 13. Bxd7 1-0

[Event "FICGS no engines 00 email"]
[Site "FICGS email"]
[Date "2013.03.04"]
[Round "1"]
[White "Staggat, Rolf"]
[Black "Trigance, Emile"]
[Result "1-0"]
[WhiteElo "1949"]
[BlackElo "1600"]
[PlyCount "81"]
[EventDate "2013.??.??"]
[EventType "swiss (corr)"]
[EventRounds "1"]
[SourceTitle "Corr 2022"]
[Source "ChessBase"]
[SourceDate "2021.10.24"]
[SourceVersion "1"]
[SourceVersionDate "2021.10.24"]
[SourceQuality "1"]

1. e4 c5 2. Nf3 Nc6 3. Bb5 e6 4. 0-0 Nge7 5. Re1 a6 6. Bf1 d5 7. d3 g6 8. Nbd2 Bg7 9. c3 0-0 10. a4 b6 11. g3 Bb7 12. Bg2 b5 13. axb5 axb5 14. Rxa8 Bxa8 15. Qb3 b4 16. Nb1 Qc7 17. Bd2 Rb8 18. c4 d4 19. Bf4 e5 20. Bc1 h6 21. Nbd2 Kh7 22. Qd1 f5 23. h4 f4 24. Nb3 Qd6 25. gxf4 exf4 26. Qe2 Ng8 27. e5 Qf8 28. Qd2 Re8 29. Qxf4 Qe7 30. e6 Nf6 31. Nh2 Nh5 32. Qd2 Bb7 33. Nf3 Nd8 34. Kf1 Bxf3 35. Bxf3 Qxh4 36. Nxc5 Qh3+ 37. Bg2 Qf5 38. Ne4 Nxe6 39. Nd6 Ng3+ 40. Kg1 Qh5 41. Nxe8 1-0

[Event "FICGS no engines 00 email"]
[Site "FICGS email"]
[Date "2013.03.04"]
[Round "1"]
[White "Staggat, Rolf"]
[Black "Uzzaman, Ashik"]
[Result "1-0"]
[WhiteElo "1949"]
[BlackElo "1527"]
[PlyCount "87"]
[EventDate "2013.??.??"]
[EventType "swiss (corr)"]
[EventRounds "1"]
[SourceTitle "Corr 2022"]
[Source "ChessBase"]
[SourceDate "2021.10.24"]
[SourceVersion "1"]
[SourceVersionDate "2021.10.24"]
[SourceQuality "1"]

1. e4 c5 2. Nf3 g6 3. c4 Bg7 4. d4 cxd4 5. Nxd4 Nc6 6. Nc2 Nf6 7. Nc3 0-0 8. Be2 d6 9. 0-0 Be6 10. Re1 Rc8 11. Bd2 Ne5 12. b3 a6 13. Rc1 Qd7 14. f3 Rc7 15. Ne3 Rfc8 16. Ncd5 Bxd5 17. Nxd5 Nxd5 18. exd5 Qf5 19. f4 Nd7 20. Bg4 Bd4+ 21. Kh1 Qf6 22. Qe2 h5 23. Bh3 Re8 24. f5 Ne5 25. Qe4 Bb6 26. fxg6 Qxg6 27. Bf5 Qg7 28. Bc3 f6 29. Qh4 Qh6 30. Bxe5 fxe5 31. Rc3 Kh8 32. Rh3 Rf8 33. Qxh5 Qxh5 34. Rxh5+ Kg7 35. Rf1 Be3 36. Rh7+ Kg8 37. Rh3 Bf4 38. Be6+ Kg7 39. Rhf3 b5 40. g3 bxc4 41. gxf4 e4 42. Rg1+ Kf6 43. Rh3 cxb3 44. Rh6# 1-0

[Event "FICGS no engines 00 email"]
[Site "FICGS email"]
[Date "2013.01.21"]
[Round "1"]
[White "Martinez, Carlos"]
[Black "Staggat, Rolf"]
[Result "0-1"]
[WhiteElo "1800"]
[BlackElo "1949"]
[PlyCount "46"]
[EventDate "2013.??.??"]
[EventType "swiss (corr)"]
[EventRounds "1"]
[SourceTitle "Corr 2022"]
[Source "ChessBase"]
[SourceDate "2021.10.24"]
[SourceVersion "1"]
[SourceVersionDate "2021.10.24"]
[SourceQuality "1"]

1. e4 c5 2. Nf3 d6 3. Nc3 Nf6 4. d4 cxd4 5. Nxd4 g6 6. Bc4 Bg7 7. 0-0 0-0 8. Bg5 Bd7 9. Qd2 Re8 10. Rae1 Nc6 11. Nf3 Rc8 12. Bh6 Bh8 13. Ng5 Ne5 14. Bb3 Nc4 15. Qd5 Nxd5 16. exd5 Nd2 17. Nce4 Nxf1 18. Rxf1 a5 19. a4 Bxb2 20. c4 Bg7 21. Bxg7 Kxg7 22. h3 h6 23. Nf3 Qb6 0-1

[Event "FICGS no engines 00 email"]
[Site "FICGS email"]
[Date "2013.01.21"]
[Round "1"]
[White "Staggat, Rolf"]
[Black "Bain, Mathieu"]
[Result "1-0"]
[WhiteElo "1949"]
[BlackElo "1557"]
[PlyCount "77"]
[EventDate "2013.??.??"]
[EventType "swiss (corr)"]
[EventRounds "1"]
[SourceTitle "Corr 2022"]
[Source "ChessBase"]
[SourceDate "2021.10.24"]
[SourceVersion "1"]
[SourceVersionDate "2021.10.24"]
[SourceQuality "1"]

1. Nf3 d5 2. d3 Nc6 3. Nbd2 e6 4. g3 Nf6 5. Bg2 Bc5 6. 0-0 Ng4 7. e4 h5 8. exd5 exd5 9. Qe2+ Be6 10. Nb3 Qe7 11. Nxc5 Qxc5 12. h3 d4 13. Ng5 Ne3 14. Nxe6 fxe6 15. fxe3 0-0-0 16. Bxc6 Qxc6 17. exd4 Rxd4 18. Be3 Rdd8 19. Qg2 Qxg2+ 20. Kxg2 e5 21. Rf7 g6 22. Raf1 Rhg8 23. Re7 Rde8 24. Rff7 Rxe7 25. Rxe7 b6 26. Rxe5 Kd7 27. h4 Kd6 28. Bf4 Rg7 29. Ra5+ Ke6 30. Rxa7 Kd5 31. Rxc7 Rxc7 32. Bxc7 Kc6 33. Bxb6 Kxb6 34. Kf3 Kc5 35. Ke4 Kd6 36. a4 Kc6 37. a5 Kb5 38. b4 Ka6 39. c4 1-0

[Event "SA-2012-0-00255"]
[Site "LSS email"]
[Date "2012.04.03"]
[Round "?"]
[White "Aalderink, Gerwin"]
[Black "Staggat, Rolf"]
[Result "1-0"]
[WhiteElo "2003"]
[BlackElo "1881"]
[PlyCount "47"]
[EventDate "2012.03.12"]
[EventType "tourn (corr)"]
[EventRounds "6"]
[EventCountry "GER"]
[SourceTitle "Telechess CBM 159"]
[Source "ChessBase"]
[SourceDate "2014.03.17"]
[SourceVersion "1"]
[SourceVersionDate "2014.03.17"]
[SourceQuality "1"]

1. Nf3 Nf6 2. d4 e6 3. Bg5 c5 4. e3 h6 5. Bh4 cxd4 6. exd4 b6 7. Bd3 Bb7 8. Nbd2 Be7 9. 0-0 0-0 10. c3 d6 11. Qe2 Nbd7 12. Rfe1 Re8 13. h3 Nh5 14. Bxe7 Qxe7 15. Qe3 Rac8 16. Rac1 Nhf6 17. Bc2 Nd5 18. Qe2 N7f6 19. c4 Nb4 20. Ba4 Bc6 21. Bxc6 Nxc6 22. Ne4 Nxe4 23. Qxe4 Qd7 24. a3 1-0